000 00827nam a2200265 a 4500
999 _c5286
_d5286
001 010532329
003 UkOxU
005 20220406093715.0
008 930722s1980 mdua 001 0 eng d
020 _a0839115547
035 _a839115547
040 _cALUPE UNIVERSITY
050 _aQP1
_b.L58 1980
092 _aD0401070025
245 0 0 _aLiver and biliary tract physiology I /
_cedited by Norman B. Javitt
260 _aBaltimore :
_bUniversity Park Press,
_cc1980
300 _aix, 368 p. :
_bill. ;
_c24 cm
500 _aIncludes bibliographical references and index
650 0 _aBiliary tract
_xPhysiology
650 0 _aLiver
_xPhysiology
700 1 _aJavitt, Norman B.
830 0 _aInternational review of physiology ;
_vv. 21
942 _2lcc
_cBK
_nBA